Heat transfer (Record no. 3641)

000 -LEADER
fixed length control field 00564nam a2200229 a 4500
001 - CONTROL NUMBER
control field 3641
003 - CONTROL NUMBER IDENTIFIER
control field BD-DhUET
008 - FIXED-LENGTH DATA ELEMENTS--GENERAL INFORMATION
fixed length control field 960506s1997 nyua b 001 0 eng
020 ## - INTERNATIONAL STANDARD BOOK NUMBER
International Standard Book Number 0071143203
020 ## - INTERNATIONAL STANDARD BOOK NUMBER
International Standard Book Number 0078447852
040 ## - CATALOGING SOURCE
Original cataloging agency DLC
Transcribing agency DLC
Modifying agency BD-DhUET
082 00 - DEWEY DECIMAL CLASSIFICATION NUMBER
Classification number 621.011
Item number HOL/1997
100 1# - MAIN ENTRY--PERSONAL NAME
Personal name Holman, J. P.
245 10 - TITLE STATEMENT
Title Heat transfer
250 ## - EDITION STATEMENT
Edition statement 8th ed.
260 ## - PUBLICATION, DISTRIBUTION, ETC. (IMPRINT)
Place of publication, distribution, etc. New York
Name of publisher, distributor, etc. McGraw-Hill
Date of publication, distribution, etc. 1997
300 ## - PHYSICAL DESCRIPTION
Extent xviii, 696 p.
Other physical details ill.
490 ## - SERIES STATEMENT
Series statement Schaum's outline series
504 ## - BIBLIOGRAPHY, ETC. NOTE
Bibliography, etc Includes bibliographies
650 #0 - SUBJECT ADDED ENTRY--TOPICAL TERM
Topical term or geographic name as entry element Heat transfer
942 ## - ADDED ENTRY ELEMENTS (KOHA)
Koha item type General Book
Holdings
Price effective from Damaged status Koha issues (times borrowed) Copy number Withdrawn status Not for loan Koha out on loan Location (home branch) Koha date last borrowed Date acquired Piece designation (barcode) Koha normalized classification for sorting Source of classification or shelving scheme Koha item type Koha date last seen Shelving location Koha full call number Sublocation or collection (holding branch) Lost status
2014-11-03 31  2025-05-11Central Library, BUET2025-04-272014-11-0392450621_011000000000000_HOL_1997 General Book2025-04-27Circulation section621.011/HOL/1997Central Library, BUET 
2014-11-03  2   Central Library, BUET 2014-11-0392452621_011000000000000_HOL_1997 General Book2014-11-03Circulation section621.011/HOL/1997Central Library, BUET 
2014-11-03  3   Central Library, BUET 2014-11-0392453621_000000000000000_011HOL1997 General Book2016-07-30Circulation section621.011/HOL/1997Central Library, BUET 
2014-11-03 14   Central Library, BUET2022-01-092014-11-0392454621_000000000000000_011HOL1997 General Book2022-06-08Circulation section621.011/HOL/1997Central Library, BUET 
2014-11-03 25   Central Library, BUET2024-10-022014-11-0392455621_000000000000000_011HOL1997 General Book2024-10-28Circulation section621.011/HOL/1997Central Library, BUET 
2014-11-03 36   Central Library, BUET2023-12-102014-11-0392457621_000000000000000_011HOL1997 General Book2024-08-31Circulation section621.011/HOL/1997Central Library, BUET 
2014-11-03  7   Central Library, BUET 2014-11-0392459621_000000000000000_011HOL1997 General Book2014-11-03Circulation section621.011/HOL/1997Central Library, BUET 
2014-11-03 18   Central Library, BUET2024-03-122014-11-0392460621_011000000000000_HOL_1997 General Book2024-08-28Circulation section621.011/HOL/1997Central Library, BUET 
2014-11-03 19   Central Library, BUET2024-04-082014-11-0392461621_000000000000000_011HOL1997 General Book2024-06-22Circulation section621.011/HOL/1997Central Library, BUET 
2014-11-03 510   Central Library, BUET2024-12-102014-11-0392462621_000000000000000_011HOL1997 General Book2025-03-12Circulation section621.011/HOL/1997Central Library, BUET 
2014-11-03 111   Central Library, BUET2015-03-042014-11-0392464621_000000000000000_011HOL1997 General Book2017-05-03Circulation section621.011/HOL/1997Central Library, BUET 
2014-11-03 312   Central Library, BUET2019-06-172014-11-0392465621_000000000000000_011HOL1997 General Book2019-07-10Circulation section621.011/HOL/1997Central Library, BUET 
2014-11-03 313   Central Library, BUET2022-05-242014-11-0392466621_000000000000000_011HOL1997 General Book2022-06-08Circulation section621.011/HOL/1997Central Library, BUET 
2015-04-12  14   Central Library, BUET 2015-04-1292468621_011000000000000_HOL_1997 General Book2015-04-12Circulation section621.011 HOL/1997Central Library, BUET 
2015-07-02  15   Central Library, BUET 2015-07-0292447621_011000000000000_HOL_1997 Reading Item2015-07-02Reading section621.011/HOL/1997Central Library, BUET 
2015-07-09  16   Central Library, BUET 2015-07-0992446621_011000000000000_HOL_1997 Reading Item2015-07-09Reading section621.011/HOL/1997Central Library, BUET